书目信息 |
| 题名: |
智慧书 上
|
|
| 作者: | 赵蕤 著 ;欧阳焕 评释 | |
| 分册: | ||
| 出版信息: | 北京 中国长安出版社 2004.01 |
|
| 页数: | 301页 | |
| 开本: | 23cm | |
| 丛书名: | ||
| 单 册: | ||
| 中图分类: | D691 | |
| 科图分类: | ||
| 主题词: | 政治--谋略--中国--古代 , 政治 , 谋略 | |
| 电子资源: | ||
| ISBN: | 7-80175-128-0 | |
| 000 | 00834nam0 2200277 45 | |
| 001 | 012003000000 | |
| 005 | 20041103172305.78 | |
| 010 | @a7-80175-128-0@dCNY 24.90 | |
| 100 | @a20040203d2004 ekmy0chiy0121 ea | |
| 101 | 0 | @achi |
| 102 | @aCN@b110000 | |
| 105 | @ay z 000yy | |
| 200 | 1 | @a智慧书 上@Azhi hui shu shang@e君王谋略智慧实用300例@f(唐)赵蕤著@g欧阳焕评释 |
| 210 | @a北京@c中国长安出版社@d2004.01 | |
| 215 | @a301页@d23cm | |
| 300 | @a唐宋后从政为官的必读书 | |
| 330 | @a本书内容包括: 大体第一, 任长第二, 品目第三, 量才第四, 知人第五等。 | |
| 517 | 1 | @a君王谋略智慧实用300例 |
| 606 | 0 | @a政治@x谋略@y中国@z古代 |
| 606 | 0 | @a政治 |
| 606 | 0 | @a谋略 |
| 690 | @aD691@v4 | |
| 701 | 0 | @a赵蕤@Azhao rui@4著 |
| 702 | 0 | @a欧阳焕@Aou yang huan@4评释 |
| 801 | 0 | @aCN@bQSSKw1@c20041103 |
| 905 | @a10447@dD691@eZ323:1 | |
| 智慧书 上:君王谋略智慧实用300例/(唐)赵蕤著/欧阳焕评释.-北京:中国长安出版社,2004.01 |
| 301页;23cm |
| 唐宋后从政为官的必读书 |
| ISBN 7-80175-128-0:CNY 24.90 |
| 本书内容包括: 大体第一, 任长第二, 品目第三, 量才第四, 知人第五等。 |
| ● |
| 相关链接 |
|
|
|
正题名:智慧书 上
索取号:D691/Z323:1
 
预约/预借
| 序号 | 登录号 | 条形码 | 馆藏地/架位号 | 状态 | 备注 |
| 1 | 425024 | 204250247 | 社科库509/422社科库 41排1列5层/ [索取号:D691/Z323:1] | 在馆 | |
| 2 | 425025 | 204250256 | 社科库509/509社科库 77排4列1层/ [索取号:D691/Z323:1] | 在馆 | |
| 3 | 425026 | 204250265 | 社科库509/422社科库 41排1列5层/ [索取号:D691/Z323:1] | 在馆 | |
| 4 | 425027 | 204250274 | 社科库509/509社科库 77排4列1层/ [索取号:D691/Z323:1] | 在馆 |